| 000 | 00983cam a2200253 a 4500 | ||
|---|---|---|---|
| 005 | 20160826092515.0 | ||
| 008 | 160826s1993 ck frci 00110 spa d | ||
| 020 | _a9589298176 | ||
| 035 | _aAFL4803 LA | ||
| 040 |
_aCO-BoUCM _bspa _cSaul Niño _dSaul Niño |
||
| 041 | 0 | _aspa | |
| 110 | 2 |
_aArchivo General de La Nación _c(Colombia) _93870 |
|
| 245 | 1 | 0 |
_aEncomiendas _bcatálogo e índices _cArchivo General de la Nación. |
| 260 |
_aBogotá (Colombia) _bArchivo General de la Nación (AGN) _c1993 |
||
| 300 | _a206 páginas | ||
| 440 | 0 |
_aPublicaciones del Archivo General de la Nación _979191 |
|
| 500 | _aIncluye índice | ||
| 610 | 2 | 0 |
_aArchivo General de La Nación _cColombia _xFondo encomiendas _vCatálogos _979192 |
| 610 | 2 | 0 |
_aArchivo General de La Nación _cColombia _x Fondo encomiendas _vÍndices _979193 |
| 650 | 7 |
_914181 _aEncomiendas |
|
| 690 | 0 |
_aBibliotecología _910049 |
|
| 942 |
_2DEWEY _a1 _cLIBRO _e1 _h025.3 _mA673ca |
||
| 999 |
_c304257 _d304257 |
||